Statistiques concernant Les personnages d'Harry Potter

Cliquez ici pour prendre le quiz!

Statistiques générales

  • Ce quiz a été pris 372 fois
  • Le résultat moyen est 62 sur 104

Statistiques - réponses

HintRéponse% Correct
Personnage principalHarry Potter
100%
Amie de HarryHermione Granger
99%
Ami de HarryRon Weasley
99%
Soeur de RonGinny Weasley
98%
Père de HarryJames Potter
95%
Mère de HarryLily Potter
95%
Parrain de HarrySirius Black
95%
Directeur de PoudlardAlbus Dumbledore
94%
Professeur de défense contre les forces du mal (6ème année) | Professeur de potions, dir. de SerpentardSeverus Rogue
93%
Père de RonArthur Weasley
92%
Freres jumeaux de RonFred et George Weasley
92%
Frère de RonBill Weasley
91%
Frère de RonCharlie Weasley
91%
Mère de RonMolly Weasley
91%
Frère de RonPercy Weasley
91%
Cousin de HarryDudley Dursley
89%
Tante de HarryPetunia Dursley
88%
Professeur de défense contre les forces du mal (3ème année)Remus Lupin
88%
Oncle de HarryVernon Dursley
88%
Professeure de métamorphose, dir. de GryffondorMinerva McGonagall
87%
Professeur de botanique, dir. de PoufsoufflePomona Chourave
85%
Professeure de vol sur balaisRolanda Bibine
84%
Fondateur de PoudlardSalazar Serpentard
82%
Femme de ce dernier, métamorphomageNymphadora Tonks
81%
Professeur de défense contre les forces du mal (1ère année)Quirinus Quirrell
80%
Garde-chasse et professeur aux soins des créatures magiquesRubeus Hagrid
80%
ConciergeArgus Rusard
79%
Fondateur de PoudlardGodric Gryffondor
79%
Professeur de sortilèges, dir. de SerdaigleFilius Flitwick
78%
Élève de Beauxbâtons, Tournois des Trois sorciers, épouse BillFleur Isabelle Delacour
78%
Professeur de défense contre les forces du mal (4ème année)Alastor Maugrey
77%
Professeur de défense contre les forces du mal (5ème année)Dolores Ombrage
77%
Professeur de défense contre les forces du mal (2ème année)Gilderoy Lockhart
77%
Fondateur de PoudlardRowena Serdaigle
77%
Frère de ce dernierAbelforth Dumbledore
76%
Fondateur de PoudlardHelga Poufsouffle
75%
Professeur de potions (6ème année)Horace Slughorn
75%
InfirmièrePoppy Pomfresh
74%
Chatte de ce dernierMiss Teigne
72%
Professeure de divinationSibylle Trelawney
72%
Vendeur de baguettes sur le Chemin de TraverseGarrick Ollivander
71%
Directeur de DurmstrangIgor Karkaroff
68%
Professeur de divination, centaureFirenze
67%
Élève de Durmstrang, tournois des trois sorciers, attrapeur BulgareVictor Krum
67%
Directrice de BeauxbâtonsOlympe Maxime
65%
Créateur de la carte du maraudeurPatmol
64%
Élève de Serdaigle, amie de Harry, Ron et Hermione, membre de l'A.D.Luna Lovegood
63%
Élève Serdaigle, attrapeuse, membre de l'A.D., attrapeuse, ancienne petite amie de CedricCho Chang
58%
Élève de Serpentard, ennemi de HarryDrago Malfoy
58%
Frère de ce dernierGraup
58%
Élève Gryffondor, membre de l'A.D., poursuiveuseKatie Bell
56%
Créateur de la carte du maraudeurCornedrue
54%
Créateur de la carte du maraudeurLunard
54%
Soeur de cette dernièreGabrielle Delacour
52%
Élève de Serpentard, ami de DragoGregory Goyle
52%
Élève Gryffondor, membre de l'A.D., ancienne petite amie de RonLavande Brown
50%
Créateur de la carte du maraudeurQueudver
49%
Élève de Gryffondor, membre de l'A., ancien petit ami de GinnyDean Thomas
47%
BibliothécaireIrma Pince
47%
Élève de Gryffondor, ami de Harry, Ron et Hermione, membre de l'A.D.Neville Londubat
47%
Fantôme de GryffondorNick Quasi-sans-tête
47%
Celui qui a trahi les Potter, maraudeur, mangemortPeter Pettigrow
47%
Professeure suppléante au soins de créatures magiqueWilhelmina Gobe-Planche
47%
Fonctionnaire au Ministère de la MagieAmos Diggory
46%
Tom JedusorVoldemort
46%
Élève de Gryffondor, membre de l'A.D., poursuiveuse, épousera GeorgeAngelina Jonhson
45%
Élève de Poufsouffle, Tournois des trois sorciersCédric Diggory
45%
Professeure d'astronomieAurora Sinistra
44%
Fantôme de SerpentardLe Baron Sanglant
44%
Élève de Serdaigle, elle a une soeur, membre de l'A.D., va au bal avec RonPadma Patil
44%
Élève de Gryffondor, elle a une soeur, membre de l'A.D., va au bal avec HarryParvati Patil
44%
Père de Drago, mangemortLucius Malfoy
43%
Esprit frappeurPeeves
43%
Cousine de Sirius, mangemortBellatrix Lestrange
42%
Élève Poufsouffle, membre de l'A.D., épousera NevilleHannah Abbot
42%
Élève de Gryffondor, ancien gardien et capitaineOlivier Dubois
42%
Fantôme des toilettes de filles de PoudlardMimi Geignarde
41%
Rat de RonCroutard
40%
Élève de Gryffondor, membre de l'A.D., commentateur des matchs de QuidditchJordan Lee
40%
Élève de Gryffondor, membre de l'A.D.Seamus Finnigan
40%
Mère de DragoNarcissa Malfoy
39%
Hippogriffe de HagridBuck
38%
Fantôme de SerdaigleLa Dame Grise
38%
Elfe de maison de la famille Malfoy, ami dévoué de HarryDobby
37%
Fantôme de PoufsouffleLe Moine Gras
36%
Reporter pour la Gazette des SorcierRita Skeeter
35%
Acromantula, araignée de HagridAragog
34%
Ministre de la Magie de 1990 à 1996Cornelius Oswald Fudge
33%
Chouette de HarryHedwige
31%
Chien de HagridCrockdur
30%
Frères élèves de Gryffondor, membres de l'A.D.Colin et Dennis Crivey
29%
Serpent, horcruxeNagini
29%
Elfe de maison de la famille BlackKreattur
28%
Chat de HermionePattenrond
28%
Élève de Serpentard, ami de DragoVincent Crabe
28%
Élève de Gryffondor, membre de l'A.D., poursuiveuseAlicia Spinnet
26%
Phénix de DumbledoreFumseck
26%
Hibou des WeasleyErrol
25%
Dragon élevé par HagridNorbert(a)
23%
Crapaud de NevilleTrevor
22%
Hibou du RonCoquecigrue
21%
Hibou de PercyHermes
13%
Fonctionnaire au Ministère de la MagieBartemius Croupton Sr
10%

Distribution des résultats

Percentile par nombre de réponses

% des personnes avec chaque résultat

Votre développement - résultats

Vous n’avez pas pris ce quiz